| 000 | 01021 a2200277 4500 | ||
|---|---|---|---|
| 005 | 20180312144707.0 | ||
| 008 | 160428b2014 xxu||||fr|||| 001 0 eng d | ||
| 020 | _a9780415818445 (2a.Ed.) | ||
| 040 |
_aCO-BoUCM _bspa _cSaul Niño _dSaul Niño |
||
| 041 | 0 | _aeng | |
| 060 | _aBF 723.M54 M828de | ||
| 245 | 0 | 0 |
_aHandbook of moral development _cEdited by Melanie Killen and Judith G. Smetana |
| 250 | _a2nd ed | ||
| 260 |
_aNew York (Estados Unidos) _aLondres (Inglaterra) _bPsychology Press _c2014 |
||
| 300 | _axxv, 571 páginas | ||
| 504 | _aIncluye referencias bibliográficas e índices | ||
| 546 | _aTexto en inglés | ||
| 650 | 7 |
_912977 _aDesarrollo moral _vManuales |
|
| 650 | 7 |
_917492 _aInfancia _xAspectos psicológicos |
|
| 650 | 7 |
_922802 _aPsicología cognitiva |
|
| 650 | 7 |
_920286 _aNeurociencia cognoscitiva |
|
| 690 | 0 |
_aPsicología _98001 |
|
| 700 | 1 |
_aKillen, Melanie _eeditor _976906 |
|
| 700 | 1 |
_aSmetana, Judith _eeditor _976907 |
|
| 942 |
_cLIBRO _2NLM _a9 _e2 _hBF 723.M54 _mM828de _n0 |
||
| 999 |
_c303117 _d303117 |
||